Lineárna algebra (elementárnymi úpravami)
Salvato in:
| Autore principale: | |
|---|---|
| Ente Autore: | |
| Altri autori: | , , |
| Natura: | Libro |
| Lingua: | slovacco |
| Pubblicazione: |
Bratislava
Letra Edu
2020
|
| Edizione: | 1. vydanie |
| Soggetti: | |
| Tags: |
Nessun Tag, puoi essere il primo ad aggiungerne!!
|
MARC
| LEADER | 00000nam a2200000 4500 | ||
|---|---|---|---|
| 001 | 0271430 | ||
| 005 | 20240502074254.8 | ||
| 020 | |a 978-80-89962-70-9 | ||
| 020 | |a 978-80-89962-71-6 | ||
| 041 | 0 | |a slo | |
| 044 | |a SK | ||
| 245 | 1 | 0 | |a Lineárna algebra |b (elementárnymi úpravami) |c Zsolt Simonka, Anna Strešňáková ; recenzovali: Katarína Sakálová, Ján Gunčaga |
| 250 | |a 1. vydanie | ||
| 264 | 1 | |a Bratislava |b Letra Edu |c 2020 | |
| 300 | |a [139 s.] [7,45 AH] | ||
| 610 | 2 | 0 | |a matematika |
| 610 | 2 | 0 | |a matice |
| 610 | 2 | 0 | |a rovnice lineárne |
| 100 | 1 | |a Simonka, Zsolt, 1974- | |
| 700 | 1 | |a Strešňáková, Anna, 1976- | |
| 700 | 1 | |a Sakálová, Katarína, 1955- | |
| 700 | 1 | |a Gunčaga, Ján | |
| 710 | 2 | |a Fakulta hospodárskej informatiky EU. Katedra matematiky a aktuárstva | |